000 00458nam a2200193Ia 4500
008 170918s9999 xx 000 0 und d
020 _a9780545474719
050 _bL987 2008
100 _aLynch, Jay
245 _aOtto's orange day /
245 _cJay Lynch and Frank Cammuso.
260 _aNew York :
260 _bScholastic,
260 _c2008
300 _a37 pages :
300 _bcolored illustration ;
300 _c23cm.
500 _a230
999 _c341159
_d341159